Statistics for Universal Studios Orlando Rides

Click here to take the quiz!

General Stats

  • This quiz has been taken 532 times
  • The average score is 14 of 29

Answer Stats

Answer% Correct
The Incredible Hulk Coaster
85%
The Amazing Adventures of Spider-Man
82%
E.T. Adventure
76%
Harry Potter and the Escape from Gringotts
67%
Skull Island: Reign of Kong
65%
The Simpsons Ride
65%
Men in Black: Alien Attack
63%
Doctor Doom's Fearfall
62%
Race Through New York Starring Jimmy Fallon
60%
Jurassic Park River Adventure
57%
Transformers: The Ride
56%
Despicable Me: Minion Mayhem
54%
Shrek 4-D
54%
Harry Potter and the Forbidden Journey
51%
Revenge of the Mummy: The Ride
50%
Hollywood Rip Ride Rockit
44%
Hogwarts Express
42%
Dudley Do-Right's Ripsaw Falls
41%
Popeye & Bluto's Bilge-Rat Barges
41%
Flight of the Hippogriff
38%
One Fish, Two Fish, Red Fish, Blue Fish
37%
The Cat In The Hat
32%
Storm Force Accelatron
31%
Woody Woodpecker's Nuthouse Coaster
26%
Dragon Challenge
25%
Kang & Kodos' Twirl 'n' Hurl
16%
Caro–Seuss–el
15%
Pteranodon Flyers
13%
The High in the Sky Seuss Trolley Train Ride
12%

Score Distribution

Percentile by Number Answered

Percent of People with Each Score

Your Score History

You have not taken this quiz